Países más Antiguos del Mundo - Estadísticas

Estadísticas generales
  • Esta prueba ha sido intentada 107 veces
  • La puntuación promedio es 9 de 15
Estadísticas de respuestas
Hint Respuesta % Correcto
3100 a. C Egipto
92%
2000 a. C India
86%
3200 a. C Irán
85%
400 EC Japón
85%
209 a. C Mongolia
63%
1300 a. C Reino de Israel
62%
200 a. C Etiopíá
55%
1070 a. C Sudán
55%
2333 a. C Corea
51%
678 a. C Afganistán
50%
301 EC San Marino
43%
2492 a. C Armenia
42%
200 a. C Somalia
42%
2879 a. C Vietnam
39%
1300 a. C Georgia
37%
No se encontraron pruebas coincidentes
Distribución de puntuación
Porcentaje de gente con cada puntuación
Porcentaje por número respondido
Historial de tus puntuaciones
No has intentado esta prueba.